COMPUTER NETWORKS: PRINCIPLES, TECHNOLOGIES, AND PROTOCOLS FOR NETWORKING/ (Record no. 1830)
[ view plain ]
| 000 -LEADER | |
|---|---|
| Fixed length control field | 00586nam a2200169 4500 |
| 003 - CONTROL NUMBER IDENTIFIER | |
| Control field | SEACOMEC |
| 005 - DATE AND TIME OF LATEST TRANSACTION | |
| Control field | 20241120140906.0 |
| 008 - FIXED-LENGTH DATA ELEMENTS--GENERAL INFORMATION | |
| Fixed length control field | 241120b |||||||| |||| 00| 0 eng d |
| 020 ## - INTERNATIONAL STANDARD BOOK NUMBER / ISBN | |
| International Standard Book Number | 9788126509171 |
| Price | 495.00 |
| 040 ## - CATALOGING SOURCE | |
| Original cataloging agency | SEACOMEC |
| 082 ## - DEWEY DECIMAL CLASSIFICATION NUMBER | |
| Classification number | 004.68 |
| Book Number | O46 |
| 100 ## - MAIN ENTRY--PERSONAL NAME | |
| Personal name | OLIFER, N |
| 245 ## - TITLE STATEMENT | |
| Title | COMPUTER NETWORKS: PRINCIPLES, TECHNOLOGIES, AND PROTOCOLS FOR NETWORKING/ |
| Statement of responsibility | Natalia Olifer and Victor Olifer ; translated from Russian into English by A-List Publishing, LLC. |
| 260 ## - IMPRINT | |
| Place of publication | New Delhi |
| Name of publisher | John Wiley & Sons, |
| Date of publication | c2006. |
| 300 ## - PHYSICAL DESCRIPTION | |
| Page / Vol. No | xxv, 973 p. : ill. ; 25 cm |
| 942 ## - ADDED ENTRY ELEMENTS (KOHA) | |
| Koha item type | Books |
| Withdrawn status | Lost status | Source of classification | Damaged status | Not for loan | Home library | Current library | Date acquired | Total Checkouts | Call number | Accession number | Date last seen | Price effective from | Koha item type |
|---|---|---|---|---|---|---|---|---|---|---|---|---|---|
| Dewey Decimal Classification | SEACOM ENGINEERING COLLEGE | SEACOM ENGINEERING COLLEGE | 18/07/2007 | 004.68 O46 | 7628 | 20/11/2024 | 20/11/2024 | Books |
